| 000 | 00650nam a22002052a 4500 | ||
|---|---|---|---|
| 001 | 17361 | ||
| 003 | BD-RjUL | ||
| 005 | 20211209000127.0 | ||
| 008 | 140216s1947 nyu 000 1 eng d | ||
| 035 |
_a(BD-RjUL)17419 _aOCLC ocm17455747 from D950928M |
||
| 040 |
_aVAN _cVAN _dEQO _dBD-RjUL _beng |
||
| 041 | _aeng | ||
| 082 | 0 | 0 |
_a813.52 _bGUB 1947 _219 |
| 100 | 1 |
_aGuthrie, A. B., _q(Alfred Bertram), _d1901-1991. _953501 |
|
| 245 | 1 | 4 |
_aThe big sky / _cA.B. Guthrie, Jr. |
| 260 |
_aGarden City, N.Y : _bInternational Collectors Library, _cc1947. |
||
| 300 |
_a3869 p. ; _c21 cm. |
||
| 651 | 0 |
_aMontana _xHistory _xFiction. _953502 |
|
| 942 |
_2ddc _cBK |
||
| 999 |
_c17361 _d17361 |
||